La cicatriz a medias /

Gorde:
Xehetasun bibliografikoak
Egile nagusia: Droz, Vanessa, 1952-
Formatua: Liburua
Hizkuntza:Spanish
Argitaratua: Río Piedras, Puerto Rico : Editorial Cultural, 1982.
Edizioa:1. ed.
Saila:Colección El trabajo gustoso
Gaiak:
Etiketak: Etiketa erantsi
Etiketarik gabe, Izan zaitez lehena erregistro honi etiketa jartzen!

MARC

LEADER 00000nam a22000007a 4500
001 942452
005 20140707002936.0
008 830726|1982 pr 000 p spa
040 |a DLC  |c DLC  |d DLC  |d cru CIICLA Universidad de Costa Rica 
082 |a PR861.4  |b D787c 
100 1 |a Droz, Vanessa,  |d 1952-  
245 1 3 |a La cicatriz a medias /  |c Vanessa Droz 
250 |a 1. ed. 
260 |a Río Piedras, Puerto Rico :  |b Editorial Cultural,  |c 1982. 
300 |a 80 páginas 
490 0 |a Colección El trabajo gustoso 
650 1 7 |a LITERATURA PUERTORRIQUEÑA  |v POESIA 
942 |2 ddc  |c BK 
999 |c 3350  |d 3350